000 00724nam a2200205 a 4500
008 081022s1998 ||||||||||||||||| || u
020 _a0821342169
050 _aIBRD(08)
100 _aMilazzo, Matteo
245 1 0 _aSubsidies in world fisheries: a reexamination
_cby Matteo Milazzo
260 _aWashington, D.C.:
_bWorld Bank
_c1998
300 _aix, 86p.: ill.
350 _a0.00
490 _aWORLD BANK TECHNICAL PAPER
490 _v Fisheries Series
500 _aTechnical Paper No. 406
650 _aFISHERIES SUBSIDIES
710 _aWorld Bank
995 _D0.00
_FCBU-MAIN LIBRARY (Kitwe)
_H1
_I0.00
_M406
_UAVAILABLE
_WOct 22, 2008
_ZInternational Publications
999 _c59029
_d59029